000
00451nam a2200145Ia 4500
008
100122s9999 xx 000 0 und d
082
_b
21376
_a
620.138
100
_a
राजवाडे माधव
245
_a
धरा समुद्र मंथन
260
_b
अभय भिडे
_c
1974
300
_a
70
630
_a
धरा समुद्र मंथन
730
_a
धरा समुद्र मंथन
942
_c
BOOK
999
_c
409418
_d
409415